[Event "NATO-ch 33rd"]
[Site "Portoroz"]
[Date "2023.09.07"]
[Round "6"]
[White "Parker, Glen D"]
[Black "Steen, Kris"]
[Result "1-0"]
[WhiteElo "1973"]
[BlackElo "1739"]
[PlyCount "43"]
[EventDate "2023.09.04"]
[EventType "swiss"]
[EventRounds "7"]
[EventCountry "SLO"]
[SourceTitle "EXT 2024"]
[Source "ChessBase"]
[SourceDate "2023.10.10"]
[SourceVersion "1"]
[SourceVersionDate "2023.10.10"]
[SourceQuality "1"]

1. e4 e6 2. Nf3 c5 3. Bc4 d5 4. exd5 exd5 5. Qe2+ Be6 6. Bb5+ Nc6 7. d4 Be7 8. 0-0 h6 9. Ne5 Qb6 10. dxc5 Bxc5 11. Nc3 0-0-0 12. Na4 Qa5 13. Nxc5 Nd4 14. Qd3 Nxb5 15. Nxe6 fxe6 16. Nf7 Nf6 17. Nxh8 Rxh8 18. c4 Nd6 19. cxd5 exd5 20. Bf4 Nde4 21. Rac1+ Kd7 22. Qh3+ 1-0

[Event "NATO-ch 32nd"]
[Site "Tartu"]
[Date "2022.06.29"]
[Round "4"]
[White "Steen, Kris"]
[Black "Ivbulis, Martins"]
[Result "0-1"]
[WhiteElo "1735"]
[BlackElo "1815"]
[PlyCount "50"]
[EventDate "2022.06.27"]
[EventType "swiss"]
[EventRounds "7"]
[EventCountry "EST"]
[SourceTitle "CBM 209 Extra"]
[Source "ChessBase"]
[SourceDate "2022.09.30"]
[SourceVersion "1"]
[SourceVersionDate "2022.09.30"]
[SourceQuality "1"]

1. c4 e6 2. Nc3 d5 3. g3 Nf6 4. Bg2 a6 5. e3 dxc4 6. Qa4+ Bd7 7. Qxc4 Bc6 8. Nf3 Be7 9. 0-0 0-0 10. d4 b5 11. Qb3 Qc8 12. Bd2 Qb7 13. Nh4 Bxg2 14. Nxg2 Nbd7 15. Rac1 c5 16. dxc5 Nxc5 17. Qd1 Rfd8 18. Qe2 b4 19. Nb1 Rac8 20. b3 h6 21. Rfd1 Nfe4 22. Be1 Ng5 23. Rc4 Rxd1 24. Qxd1 Rd8 25. Qg4 Nd3 0-1